000 00839nam a2200193 a 4500
003 0
005 20250507111405.0
008 050808s19uu xx 00 eng d
050 _aPHS ZA 4080
_b.N35 2005
100 _aNakai, Masami Lim.
245 _aComparative study on the perceptions of fourth year students of Saint James College - Parañaque (SJC) and Montessori De Manila on using the internet as a tool for studying /
_cMasami Lim Nakai.
260 _aLas Piñas City, Philippines :
_bSouthville International School and Colleges,
_c2005.
300 _a28 pages :
_billustrations ;
_c28 cm.
504 _aIncludes bibliographical references.
650 _2Library of Congress Subject Headings
_aInternet in education
_zPhilippines.
650 _aComputer-assisted instruction
_zPhilippines.
942 _2lcc
_cPASS
999 _c97276
_d97276